LIBRARY & INFORMATION CENTRE, KCAET, TAVANUR

ONLINE PUBLIC ACCESS CATALOGUE (OPAC)

Normal view MARC view
  • Prince (Guide)

Entry Personal Name

Number of records used in: 2

001 - CONTROL NUMBER

  • control field: 5101

003 - CONTROL NUMBER IDENTIFIER

  • control field: OSt

005 - DATE AND TIME OF LATEST TRANSACTION

  • control field: 20210918161557.0

008 - FIXED-LENGTH DATA ELEMENTS

  • fixed length control field: 210918|| aca||aabn | a|a d

040 ## - CATALOGING SOURCE

  • Original cataloging agency: OSt
  • Transcribing agency: OSt

100 ## - HEADING--PERSONAL NAME

  • Personal name: Prince (Guide)

670 ## - SOURCE DATA FOUND

  • Source citation: Work cat.: (OSt)17447: Abisha,S. M 5100, Development and Optimization of Microwave Assisted Process for Extraction of Essential Oil from Allspice Leaves, 2021
free website counter